[Event "Duisburg Grossenbaum op"]
[Site "Duisburg"]
[Date "2005.05.16"]
[Round "6"]
[White "Spenk, Willi"]
[Black "Szczepanski, Krzysztof"]
[Result "0-1"]
[WhiteElo "1761"]
[BlackElo "1653"]
[PlyCount "74"]
[EventDate "2005.05.13"]
[EventType "swiss"]
[EventRounds "7"]
[EventCountry "GER"]
[SourceTitle "EXT 2006"]
[Source "ChessBase"]
[SourceDate "2005.11.24"]
[SourceVersion "1"]
[SourceVersionDate "2005.11.24"]
[SourceQuality "1"]

1. e4 e6 2. d4 d6 3. Nf3 Ne7 4. Nc3 Ng6 5. Bd3 Be7 6. Be3 Nd7 7. Qd2 0-0 8. e5 dxe5 9. Bxg6 fxg6 10. dxe5 a6 11. 0-0-0 Qe8 12. h4 b5 13. h5 gxh5 14. Ng5 Nxe5 15. f4 Nc4 16. Qd3 Bxg5 17. fxg5 Nxe3 18. Qxe3 g6 19. Qe4 Bd7 20. g4 Bc6 21. Qe5 Bxh1 22. Rxh1 hxg4 23. Qxc7 Rf7 24. Qe5 Rf5 25. Qc7 Qf7 26. Qc6 Rd8 27. b3 Rxg5 28. Ne4 Rgd5 29. Nc3 Qf4+ 30. Kb2 Qd6 31. Qb7 Rd7 32. Qa8+ Kg7 33. Ne4 Qe5+ 34. c3 Rd3 35. Qc6 b4 36. Rc1 bxc3+ 37. Kc2 Qh2+ 0-1

[Event "Duisburg Grossenbaum op"]
[Site "Duisburg"]
[Date "2005.05.15"]
[Round "5"]
[White "Szczepanski, Krzysztof"]
[Black "Mietner, Franz"]
[Result "0-1"]
[WhiteElo "1653"]
[BlackElo "2022"]
[PlyCount "86"]
[EventDate "2005.05.13"]
[EventType "swiss"]
[EventRounds "7"]
[EventCountry "GER"]
[SourceTitle "EXT 2006"]
[Source "ChessBase"]
[SourceDate "2005.11.24"]
[SourceVersion "1"]
[SourceVersionDate "2005.11.24"]
[SourceQuality "1"]

1. e4 c6 2. d4 d5 3. e5 Bf5 4. Bd3 Bxd3 5. Qxd3 e6 6. Nf3 Qa5+ 7. Bd2 Qa6 8. Qe3 Nd7 9. Ng5 h6 10. Nf3 c5 11. c3 Rc8 12. Qe2 Qxe2+ 13. Kxe2 Ne7 14. Na3 a6 15. b4 cxb4 16. cxb4 Nc6 17. Rhc1 Nb6 18. Nc2 Nc4 19. a3 Be7 20. Ne3 b5 21. a4 Nxd2 22. axb5 axb5 23. Nxd2 0-0 24. Nf3 Bxb4 25. Ra6 Nxd4+ 26. Nxd4 Rxc1 27. Nxb5 Rb8 28. Nd6 Bc3 29. f4 Re1+ 30. Kd3 d4 31. Nec4 Rbb1 32. Ra8+ Kh7 33. Nxf7 Red1+ 34. Kc2 Bb4 35. Rd8 Rbc1+ 36. Kb3 Be7 37. Rd7 Bc5 38. Nfd6 Rc3+ 39. Ka4 Rb1 40. h4 Rb4+ 41. Ka5 Rc1 42. Ka6 Ra1+ 43. Na5 Rb6+ 0-1